| 000 | 01390cam a2200337 a 4500 | ||
|---|---|---|---|
| 001 | EDZ0000071992 | ||
| 003 | StDuBDS | ||
| 005 | 20161031105119.0 | ||
| 006 | m||||||||d|||||||| | ||
| 007 | cr ||||||||||| | ||
| 008 | 120412s2005 enkab fo| 001|0|eng d | ||
| 020 |
_a9781446216743 (ebook) : _cNo price |
||
| 040 |
_aStDuBDS _beng _cStDuBDS _epn |
||
| 049 | _aAlfaisal Main Library | ||
| 050 | 0 |
_aHF1025 _b.H77 2005 |
|
| 082 | 0 | 4 |
_a330.9 _223 |
| 100 | 1 |
_aHudson, Ray, _d1948- |
|
| 245 | 1 | 0 |
_aEconomic geographies _h[electronic resource] : _bcircuits, flows and spaces / _cRay Hudson. |
| 260 |
_aLondon : _bSAGE, _cc2005. |
||
| 300 |
_a1 online resource (v, 242 p.) : _bill., map. |
||
| 504 | _aIncludes bibliographical references and index. | ||
| 520 | 8 | _aIntegrating ideas of structure, agency and practice this volume provides a detailed overview of recent key debates in economic geography and a discussion of the economy in terms of circuits flows, and spaces that systematically relates the material to the cultural. | |
| 521 | _aSpecialized. | ||
| 588 | _aDescription based on print version record. | ||
| 650 | 0 | _aEconomic geography. | |
| 655 | 7 |
_aElectronic books. _2local |
|
| 710 | 2 | _aSage eBooks | |
| 776 | 0 | 8 |
_iPrint version : _z9780761948940 |
| 856 | 4 | 0 | _uhttp://ezproxy.alfaisal.edu/login?url=http://sk.sagepub.com/books/economic-geographies |
| 942 |
_2lcc _cEBOOKS |
||
| 999 |
_c479571 _d479571 |
||